Les premieres polémiques thomistes: II le correctorium corruptoru Sciendum

Salvato in:
Dettagli Bibliografici
Autore principale: Glorieux, Palémon (Autore)
Natura: Libro
Lingua:latino
Pubblicazione: París Librairie philosophique J. Vrin 1956
Serie:Bibliothéque thomiste, 31
Soggetti:
Tags: Aggiungi Tag
Nessun Tag, puoi essere il primo ad aggiungerne!!

MARC

LEADER 00000nam a2200000 a 4500
001 UCX3440
003 CL-VaPUC
008 911106e19560000FR |||||||||||||||||lat|d
082 0 4 |a 189.4  |b GLO  |2 21 
100 |a Glorieux, Palémon  |e author  |9 348823 
245 1 4 |a Les premieres polémiques thomistes: II le correctorium corruptoru Sciendum 
300 |a 345 p 
942 |c BK 
945 |d 19911106 00:00:00 
260 |a París  |b Librairie philosophique J. Vrin  |c 1956 
650 0 |a Tomismo  |9 259214 
583 |a last modification  |c 19911106 00:00:00  |k Rodrigo Vera 
490 0 |a Bibliothéque thomiste, 31 
999 |c 224206  |d 224204 
952 |0 0  |1 0  |4 0  |6 189_400000000000000_GLO_1956  |7 0  |8 P  |9 220696  |a BIBEDU  |b BIBEDU  |c BIBEDU_PB  |d 2019-11-15  |i 2894106  |o 189.4 GLO 1956  |p 2894106  |r 2024-01-25  |w 2019-11-15  |y BK  |k FIL 
952 |0 0  |1 0  |4 0  |6 189_400000000000000_GLO_1956  |7 0  |8 P  |9 220697  |a BIBEDU  |b BIBEDU  |c BIBEDU_PB  |d 2019-11-15  |h v.2  |i 1582798  |o 189.4 GLO 1956  |p 1582798  |r 2024-01-25  |w 2019-11-15  |y BK  |k FIL 
952 |0 0  |1 0  |4 0  |6 189_400000000000000_GLO_1956  |7 0  |8 P  |9 220698  |a BIBEDU  |b BIBEDU  |c BIBEDU_PB  |d 2019-11-15  |h v.1  |i 1582801  |o 189.4 GLO 1956  |p 1582801  |r 2024-01-25  |w 2019-11-15  |y BK  |k FIL